New Jersey High School North Non-Public A Teams - Statistics

General Stats
  • This quiz has been taken 64 times
  • The average score is 6 of 12
Answer Stats
School % Correct
Bergen Catholic
82%
Don Bosco Prep
76%
Seton Hall Prep
69%
Delbarton
65%
St Joseph's Regional
59%
Paramus Catholic
55%
St Peters Prep
41%
Depaul Catholic
39%
Pope John XXIII
35%
Union Catholic
22%
Oratory Prep
18%
The Pingry School
16%
No matching quizzes found
Score Distribution
Percent of People with Each Score
Percentile by Number Answered
Your Score History
You have not taken this quiz